S M Dugar, guide to competition law / (Record no. 166360)

MARC details
000 -LEADER
fixed length control field 00684nam a22001937a 4500
005 - DATE AND TIME OF LATEST TRANSACTION
control field 20190722141432.0
010 ## - LCCN (DPL NO)
LC control number ENG-126035-036
020 ## - INTERNATIONAL STANDARD BOOK NUMBER
International Standard Book Number 9789388548151 (Vol. 1 & 2)
Terms of availability 4995.00 (Set Price)
035 ## - SYSTEM CONTROL NUMBER
System control number EN-109567-568
037 ## - SOURCE OF ACQUISITION
Source of stock number/acquisition DBAD/PUB
082 ## - DEWEY DECIMAL CLASSIFICATION NUMBER
Classification number 343.930
100 ## - MAIN ENTRY--PERSONAL NAME
Personal name Sudhanshu Kumar
245 ## - TITLE STATEMENT
Title S M Dugar, guide to competition law /
Statement of responsibility, etc by Sudhanshu Kumar
260 ## - PUBLICATION, DISTRIBUTION, ETC. (IMPRINT)
Place of publication, distribution, etc Gurgaon
Name of publisher, distributor, etc LexisNexis
Date of publication, distribution, etc 2019
270 ## - ADDRESS
Address 14th Floor, Building No.10, Tower-B, DLF Cyber City, Phase-II
City Gurgaon
Postal code 122002
Telephone number 91-124477444
300 ## - PHYSICAL DESCRIPTION
Extent 2.Vol.(cxlviii,1877,26 ; cxxxviii,2910,42)
Dimensions 25cm(Hb)
500 ## - GENERAL NOTE
General note Includes subject index
942 ## - ADDED ENTRY ELEMENTS (KOHA)
Source of classification or shelving scheme Dewey Decimal Classification
Item type English Books
Classification part 343.930
Call number suffix SUD
Holdings
Withdrawn status Lost status Materials specified (bound volume or other part) Not for loan Collection code Home library Current library Date acquired Source of acquisition Cost, normal purchase price Full call number Barcode Copy number Cost, replacement price Koha item type
    Vol.1   Reference Central Library Central Library 22/07/2019 DBAD/PUB 4995.00 343.930 SUD EN-109567 1 4995.00 English Books
    Vol.2   Reference Central Library Central Library 22/07/2019 DBAD/PUB 4995.00 343.930 SUD EN-109568 1 4995.00 English Books

© Delhi Public Library
Hit Counter
free hit counter